Подробности
| 000 -МАРКЕР |
| контрольное поле |
01892nam0a22004691 4500 |
| 001 - ИДЕНТИФИКАТОР ЗАПИСИ |
| контрольное поле |
RU\NLR\A1SV\57933 |
| 005 - ИДЕНТИФИКАТОР ВЕРСИИ |
| контрольное поле |
20260225112254.1 |
| 035 ## - ДРУГИЕ СИСТЕМНЫЕ НОМЕРА |
| Идентификатор записи |
(NLR Aleph) 009739889 |
| 100 ## - ДАННЫЕ ОБЩЕЙ ОБРАБОТКИ |
| Данные общей обработки |
20071219d1924 u y0rusy50 ca |
| 101 0# - ЯЗЫК РЕСУРСА |
| Язык текста, звукозаписи и т.д. |
русский |
| 102 ## - СТРАНА ПУБЛИКАЦИИ ИЛИ ПРОИЗВОДСТВА |
| Страна публикации |
Российская Федерация |
| 200 1# - ЗАГЛАВИЕ И СВЕДЕНИЯ ОБ ОТВЕТСТВЕННОСТИ |
| Основное заглавие |
Ленина нет... |
| Сведения, относящиеся к заглавию |
Стихи, посвящ. памяти В.И.Ленина |
| 210 ## - ПУБЛИКАЦИЯ, РАСПРОСТРАНЕНИЕ И ДР. |
| Место издания, распространения и т.д. |
М. |
| Имя издателя, распространителя и т. д. |
Соврем. проблемы |
| Дата издания, распространения и т.д. |
1924 |
| 215 ## - ФИЗИЧЕСКАЯ ХАРАКТЕРИСТИКА |
| Специфическое обозначение материала и объем |
55, [28] с. |
| Другие сведения о физической характеристике |
портр. |
| Размеры |
17 см |
| 300 ## - ОБЩИЕ ПРИМЕЧАНИЯ |
| Текст примечания |
Часть текста напеч. на одной стороне листа |
| 327 0# - ПРИМЕЧАНИЯ О СОДЕРЖАНИИ |
| Текст примечания |
Авт.: В.Брюсов, В.Бутягина, М.Герасимов, А.Гойхбарг, В.Ильина, В.Инбер, Р.Ивнев, В.Каменский, Т.Майская, С.Минин и др. |
| 620 ## - МЕСТО И ДАТА ПУБЛИКАЦИИ, ИСПОЛНЕНИЯ И Т. Д. |
| Город |
Москва |
| 702 #1 - ИМЯ ЛИЦА - ВТОРИЧНАЯ ОТВЕТСТВЕННОСТЬ |
| Начальный элемент ввода |
Брюсов |
| Часть имени, кроме начального элемента ввода |
В. |
| 702 #1 - ИМЯ ЛИЦА - ВТОРИЧНАЯ ОТВЕТСТВЕННОСТЬ |
| Начальный элемент ввода |
Бутягина |
| Часть имени, кроме начального элемента ввода |
В.А. |
| Даты |
1901-1929 |
| Расширение инициалов личного имени |
Варвара Александровна |
| 702 #1 - ИМЯ ЛИЦА - ВТОРИЧНАЯ ОТВЕТСТВЕННОСТЬ |
| Начальный элемент ввода |
Герасимов |
| Часть имени, кроме начального элемента ввода |
М. |
| 702 #1 - ИМЯ ЛИЦА - ВТОРИЧНАЯ ОТВЕТСТВЕННОСТЬ |
| Начальный элемент ввода |
Гойхбарг |
| Часть имени, кроме начального элемента ввода |
А.Г. |
| Даты |
1883-1962 |
| Расширение инициалов личного имени |
Александр Григорьевич |
| 702 #1 - ИМЯ ЛИЦА - ВТОРИЧНАЯ ОТВЕТСТВЕННОСТЬ |
| Начальный элемент ввода |
Ильина |
| Часть имени, кроме начального элемента ввода |
В.В. |
| Даты |
1894-1966 |
| Расширение инициалов личного имени |
Вера Васильевна |
| 702 #1 - ИМЯ ЛИЦА - ВТОРИЧНАЯ ОТВЕТСТВЕННОСТЬ |
| Начальный элемент ввода |
Инбер |
| Часть имени, кроме начального элемента ввода |
В.М. |
| Даты |
1890-1972 |
| Расширение инициалов личного имени |
Вера Михайловна |
| 702 #1 - ИМЯ ЛИЦА - ВТОРИЧНАЯ ОТВЕТСТВЕННОСТЬ |
| Начальный элемент ввода |
Ивнев |
| Часть имени, кроме начального элемента ввода |
Р. |
| Даты |
1891-1981 |
| Расширение инициалов личного имени |
Рюрик |
| 702 #1 - ИМЯ ЛИЦА - ВТОРИЧНАЯ ОТВЕТСТВЕННОСТЬ |
| Начальный элемент ввода |
Каменский |
| Часть имени, кроме начального элемента ввода |
В. В. |
| Дополнения к именам, кроме дат |
поэт, прозаик |
| Даты |
1884-1961 |
| Расширение инициалов личного имени |
Василий Васильевич |
| Идентификатор авторитетной/нормативной записи |
RU\NLR\AUTH\7743310 |
| Код отношения |
Автор |
| 702 #1 - ИМЯ ЛИЦА - ВТОРИЧНАЯ ОТВЕТСТВЕННОСТЬ |
| Начальный элемент ввода |
Майская |
| Часть имени, кроме начального элемента ввода |
Т. |
| 702 #1 - ИМЯ ЛИЦА - ВТОРИЧНАЯ ОТВЕТСТВЕННОСТЬ |
| Начальный элемент ввода |
Минин |
| Часть имени, кроме начального элемента ввода |
С.К. |
| Даты |
1882-1962 |
| Расширение инициалов личного имени |
Сергей Константинович |
| 801 #0 - ИСТОЧНИК ЗАПИСИ |
| Страна |
Российская Федерация |
| Организация |
NLR |
| Дата составления |
20071219 |
| 852 ## - МЕСТОНАХОЖДЕНИЕ И ШИФР ХРАНЕНИЯ |
| Идентификатор организации |
NLR |
| Шифр хранения (Call Number) |
40.12.7.97 |
| 899 ## - ДАННЫЕ О МЕСТОНАХОЖДЕНИИ (устаревшее) |
| Местонахождение |
РКП |
| 899 ## - ДАННЫЕ О МЕСТОНАХОЖДЕНИИ (устаревшее) |
| Местонахождение |
ГОПБ |
| 899 ## - ДАННЫЕ О МЕСТОНАХОЖДЕНИИ (устаревшее) |
| Местонахождение |
РГБ |
| 899 ## - ДАННЫЕ О МЕСТОНАХОЖДЕНИИ (устаревшее) |
| Местонахождение |
ТОУНБ |
| 899 ## - ДАННЫЕ О МЕСТОНАХОЖДЕНИИ (устаревшее) |
| Местонахождение |
НБУВ |
| 899 ## - ДАННЫЕ О МЕСТОНАХОЖДЕНИИ (устаревшее) |
| Местонахождение |
МГУ |
| 942 ## - ДОПОЛНИТЕЛЬНЫЕ ЭЛЕМЕНТЫ ЗАПИСИ (АБИС) |
| Тип экземпляра АБИС |
Книга |
| 980 ## - КОЛЛЕКЦИЯ |
| Название коллекции |
Национальная библиография |
| 980 ## - КОЛЛЕКЦИЯ |
| Название коллекции |
Международный сводный каталог русской книги (1918-1926) |
| 980 ## - КОЛЛЕКЦИЯ |
| Название коллекции |
Международный сводный каталог русской книги (1918-1926) |
| 980 ## - КОЛЛЕКЦИЯ |
| Название коллекции |
Международный сводный каталог русской книги (1918-1926) |